00557nam a2200205Ia 450000500170000000800410001702000150005808200130007324500270008625000090011326000380012230000170016065000100017765000130018765000180020070000170021894200060023595200950024199900150033620240604060112.0240331s9999 xx 000 0 und d a8186771565 bVIOa362 0aViolence against women a1st  aDelhibSerials Publicationsc2005 aviii,207 p., aWomen aViolence aHuman Rights  aUma Devi, K. cL 001040708LaWERCLbWERCLcSSCd2024-03-31l0o 362 VIOp1933r2024-03-31w2024-03-31yL c2899d2899